Juegos de Plants vs. Zombies - Estadísticas

Estadísticas generales
  • Esta prueba ha sido intentada 32 veces
  • La puntuación promedio es 3 de 8
Estadísticas de respuestas
año Game % Correcto
2009 Plants vs. Zombies
100%
2013 Plants vs. Zombies 2
40%
2014 Plants vs. Zombies Garden Warfare
40%
2016 Plants vs. Zombies Garden Warfare 2
36%
2019-Parcialmente Lanzado Plants vs. Zombies 3
28%
2016 Plants vs. Zombies Heroes
20%
2019 Plants vs. Zombies: La batalla de Neighborville
20%
2013-Descontinuado Plants vs. Zombies Adventures
12%
No se encontraron pruebas coincidentes
Distribución de puntuación
Porcentaje de gente con cada puntuación
Porcentaje por número respondido
Historial de tus puntuaciones
No has intentado esta prueba.